[Event "POL-chT DMP Ekstraliga 2019"]
[Site "Katowice"]
[Date "2019.09.03"]
[Round "7.29"]
[White "Szustakowski, Antoni"]
[Black "Bobras, Piotr"]
[Result "1-0"]
[WhiteElo "2219"]
[BlackElo "2488"]
[Annotator "TA"]
[PlyCount "51"]
[EventDate "2019.08.28"]
[EventType "team-tourn"]
[EventCountry "POL"]
[SourceTitle "playchess.com"]
[Source "ChessBase"]
[SourceQuality "1"]

{[%evp 19,51,50,42,26,51,50,104,27,21,35,77,12,34,0,0,0,3,-6,73,62,63,62,90,98,582,579,579,600,1281,1225,1281,1206,1380,1341]} 1. d4 Nf6 2. c4 g6 3. Nc3 Bg7 4. e4 d6 5. Be2 O-O 6. Bg5 c5 7. d5 h6 8. Be3 e6 9. Qd2 exd5 10. exd5 Kh7 11. h4 {E74: King's Indian: Averbakh Variation: 6...c5} (11. h3 Re8 12. Bd3 b5 13. Nxb5 Ne4 14. Bxe4 Rxe4 15. Rc1 a6 16. Nc3 Rxc4 17. a3 Nd7 18. Nf3 a5 19. O-O Qb6 20. Qc2 Rb8 {½-½ (38) Ponomariov,R (2723)-Grischuk,A (2752) Beijing 2011}) 11... Ng4 12. Bf4 Ne5 $146 ({Black should try} 12... Re8 $14) ({Predecessor:} 12... Re8 13. Nf3 a6 14. h5 g5 15. Nxg5+ hxg5 16. Bxg5 Bf6 17. Bxf6 Qxf6 18. O-O-O Qh6 19. Bxg4 Bxg4 {½-½ (41) Lapcevic,M (2368)-Ivic,V (2456) Valjevo 2018}) 13. Kf1 (13. h5 $16 g5 14. Bg3 (14. Bxe5 Bxe5 15. Nf3 Bg7 $11)) 13... Nbd7 $11 14. Re1 a6 15. a4 (15. Ne4 $16) 15... Qb6 16. Nh3 Qb3 17. h5 {[#] And now hxg6+ would win.} g5 $1 {[%cal Rg5f4]} ({Much weaker is} 17... Nxc4 $6 18. Bxc4 Qxc4+ 19. Kg1 $16) 18. Bxg5 hxg5 (18... Nb6 $11) 19. Nxg5+ Kh8 $1 {Hoping for ...Bh6.} 20. Qf4 $1 Qc2 $1 21. Nce4 {Black must now prevent h6.} Nxc4 $2 {[%mdl 8192]} (21... Bh6 $16 22. Nxd6 f6 23. Ngf7+ Nxf7 24. Nxf7+ Rxf7 25. Qxh6+ Qh7 26. Qxh7+ Kxh7) 22. Nxf7+ {White is clearly winning.} ({Weaker is} 22. Rc1 Qxb2 23. Bxc4 Be5 $11) 22... Kg8 23. h6 {[%cal Rh6h7]} Qxe4 24. h7+ Qxh7 25. Rxh7 Rxf7 {[#]} 26. Rxg7+ $1 {[%mdl 512] Accuracy: White = 65%, Black = 32%.} 1-0

[Event "POL-chT DMP Ekstraliga 2019"]
[Site "Katowice"]
[Date "2019.09.03"]
[Round "7.30"]
[White "Kiolbasa, Oliwia"]
[Black "Antolak, Julia"]
[Result "1/2-1/2"]
[WhiteElo "2246"]
[BlackElo "2257"]
[Annotator "ChessBase"]
[PlyCount "52"]
[EventDate "2019.08.28"]
[EventType "team-tourn"]
[EventCountry "POL"]
[SourceTitle "playchess.com"]
[Source "ChessBase"]
[SourceQuality "1"]
[TimeControl "40/5400+30:1800+30"]

1. e4 {[%emt 0:00:00]} e5 {[%emt 0:00:00]} 2. Nf3 {[%emt 0:00:00]} Nc6 {[%emt 0:00:00]} 3. Bb5 {[%emt 0:02:07]} g6 {[%emt 0:00:26]} 4. d4 {[%emt 0:10:42]} exd4 {[%emt 0:02:55]} 5. Bg5 {[%emt 0:04:13]} Be7 {[%emt 0:00:41]} 6. Bxe7 {[%emt 0:00:21]} Qxe7 {[%emt 0:00:30]} 7. Bxc6 {[%emt 0:09:21]} dxc6 {[%emt 0:00:40]} 8. Qxd4 {[%emt 0:00:14]} Nf6 {[%emt 0:00:25]} 9. Nc3 {[%emt 0:00:28]} Bg4 {[%emt 0:03:22]} 10. Nd2 {[%emt 0:06:41]} c5 {[%emt 0:08:02]} 11. Qe3 {[%emt 0:02:24]} O-O-O {[%emt 0:04:39]} 12. h3 {[%emt 0:05:27]} Bd7 {[%emt 0:02:01]} 13. O-O-O {[%emt 0:00:16]} Bc6 {[%emt 0:00:59]} 14. f3 {[%emt 0:03:08]} Nd5 {[%emt 0:16:44]} 15. Nxd5 {[%emt 0:00:54]} Rxd5 {[%emt 0:00:27]} 16. Nc4 {[%emt 0:08:13]} Rxd1+ {[%emt 0:00:29]} 17. Rxd1 {[%emt 0:00:03]} Re8 {[%emt 0:03:19]} 18. Qf4 {[%emt 0:01:58]} Qe6 {[%emt 0:04:54]} 19. b3 {[%emt 0:02:57]} f6 {[%emt 0:01:57]} 20. Kb2 {[%emt 0:01:23]} b6 {[%emt 0:03:03]} 21. Nxb6+ cxb6 22. Rd6 {[%emt 0:03:25]} Qe5+ {[%emt 0:03:15]} 23. Qxe5 {[%emt 0:00:10]} fxe5 {[%emt 0:00:06]} 24. Rxc6+ {[%emt 0:00:07]} Kd7 {[%emt 0:00:04]} 25. Rf6 {[%emt 0:00:11]} Ke7 {[%emt 0:00:04]} 26. Rc6 {[%emt 0:00:09]} Kd7 {[%emt 0:00:04]} 1/2-1/2

[Event "POL-chT DMP Ekstraliga 2019"]
[Site "Katowice"]
[Date "2019.09.04"]
[Round "8.1"]
[White "Mista, Aleksander"]
[Black "Duda, Jan-Krzysztof"]
[Result "0-1"]
[WhiteElo "2599"]
[BlackElo "2730"]
[Annotator "TA"]
[PlyCount "50"]
[EventDate "2019.08.28"]
[EventType "team-tourn"]
[EventCountry "POL"]
[SourceTitle "playchess.com"]
[Source "ChessBase"]
[SourceQuality "1"]

{[%evp 18,102,23,14,56,10,16,9,18,0,0,-8,0,-35,-30,-33,-9,-12,-11,-16,0,0,0,-24,-17,-31,-31,-74,-60,-76,-69,-50,-55,-64,-83,-219,-226,-196,-171,-255,-247,-247,-248,-253,-170,-620,-265,-654,-654,-1916,-2199,-6299,-6351,-1158,-632,-29961,-29962,-29963,-29965,-29965,-29966,-29965,-29966,-29967,-29968,-29969,-29970,-29969,-29968,-29973,-29966,-29971,-29972,-29972,-29971,-29973,-29974,-29974,-29974,-29975,-29976,-29975,-29976,-29980,-29981,-29982,-29982]} 1. e4 c5 2. Nf3 e6 3. d4 cxd4 4. Nxd4 Nc6 5. Nc3 Qc7 6. Be3 a6 7. Be2 Nf6 8. O-O Bb4 9. Nxc6 bxc6 10. f4 O-O {B49: Sicilian: Taimanov: 5 Nc3 Qc7 6 Be3 a6 7 Be2} 11. e5 (11. Na4 {is more complex.} Rb8 12. Bf3 Rd8 13. c3 Be7 14. Qc2) 11... Nd5 (11... Bxc3 12. bxc3 Nd5 13. Bc5 Nxc3 14. Qd3 Nxe2+ 15. Qxe2 Re8 16. Rf3 Rb8 17. c4 d5 18. exd6 {1-0 (34) Sengupta,D (2551)-Perunovic,M (2627) Warsaw 2016}) 12. Nxd5 cxd5 {The position is equal.} 13. Bd4 a5 $146 ({Predecessor:} 13... d6 14. Rf3 Bc5 15. Kh1 Bd7 16. Bd3 Bxd4 17. Bxh7+ Kxh7 18. Qxd4 Qxc2 {0-1 (27) Pirttimaki,T (2270)-Issakainen,A (2265) Finland 1996}) 14. Rf3 Ba6 15. Rh3 {Black must now prevent Bxa6.} Bc5 16. Bxa6 Rxa6 17. Qd3 {[%csl Gh3][%cal Rd3h7]} Bxd4+ {[#]} 18. Kh1 $1 {[%csl Gh3][%cal Rd3h7][%mdl 512]} g6 19. Qxa6 Qxc2 20. Rb3 Bxb2 21. Rf1 Bc3 22. Qd6 Bb4 $40 {[%mdl 128] Black has some attack.} 23. Qxd7 Qxa2 24. Rbf3 $1 Qc4 25. g4 Qe2 {Played: Qc4-e4} 0-1

[Event "POL-chT DMP Ekstraliga 2019"]
[Site "Katowice"]
[Date "2019.09.04"]
[Round "8.2"]
[White "Navara, David"]
[Black "Moranda, Wojciech"]
[Result "0-1"]
[WhiteElo "2724"]
[BlackElo "2597"]
[Annotator "TA"]
[PlyCount "124"]
[EventDate "2019.08.28"]
[EventType "team-tourn"]
[EventCountry "POL"]
[SourceTitle "playchess.com"]
[Source "ChessBase"]
[SourceQuality "1"]

{[%evp 27,124,6,18,0,18,25,25,25,25,26,24,24,23,-2,-16,-14,-22,-29,-43,-47,-50,-40,-50,-161,-153,-577,-570,-760,-760,-1108,-1075,-1220,-1192,-1088,-306,-311,-304,-305,-154,-158,-156,-132,-70,-77,-72,-70,-83,-114,-103,-127,-108,-118,-110,-225,-209,-225,-217,-252,-137,-124,-116,-313,-305,-300,-293,-453,-437,-433,-421,-491,-490,-429,-429,-800,-782,-1008,-1048,-1419,-874,-2033,-1941,-29973,-1831,-1147,-1177,-29983,-29984,-29984,-29985,-29985,-29986,-29990,-29991,-29993,-29987,-29987,-29988,-29988,-29989]} 1. e4 c5 2. Nf3 e6 3. d4 cxd4 4. Nxd4 Nc6 5. Nc3 Qc7 6. Be2 a6 7. O-O Nf6 8. Be3 Be7 9. f4 d6 10. Qe1 O-O 11. Qg3 Nxd4 12. Bxd4 b5 13. Kh1 Bb7 14. a3 {[%cal Ba2a3,Ba3a4][%mdl 32]} Rad8 15. Bd3 {B85: Sicilian Scheveningen: 6 Be2 a6, lines with early Be3} (15. Rae1 Qd7 16. Bd3 Nh5 17. Qg4 Nf6 18. Qg3 Nh5 19. Qg4 Nf6 20. Qg3 Nh5 21. Qg4 Nf6 22. Qg3 {½-½ (24) Andreikin,D (2712)-Grischuk,A (2772) Huaian 2017}) 15... Rd7 16. Rae1 Re8 17. Re2 {White has an edge.} Qd8 18. Qh3 Bf8 19. a4 e5 {[#]} 20. fxe5 $146 ({Predecessor:} 20. Bf2 b4 21. Nd5 Nxd5 22. exd5 g6 {0-1 (55) Negi,P (2671)-Adhiban,B (2569) Jalgaon 2013}) 20... dxe5 21. Bf2 b4 {[#]} 22. Nd5 $1 {[%mdl 512]} Nxd5 (22... Bxd5 23. exd5) 23. exd5 {[%csl Gd3][%cal Rh3h7]} g6 24. Bh4 Qc7 25. Bf6 (25. b3 $15) 25... Rxd5 $19 {White must now prevent ...e4!} 26. Qh4 $2 {[#]} (26. Qg3 $17) 26... e4 $1 {[%mdl 576] Deflection} 27. Rxe4 (27. Bxe4 Rh5) 27... Rxe4 28. Qxe4 {[#]} Rh5 $1 {[%csl Gh5,LRe4,LRh2][%cal Rc7h2][%mdl 576] Discovered Attack} 29. Qf4 Bd6 30. Re1 Qc6 $2 ({Worse is} 30... Bxf4 31. Re8#) (30... Bc6 31. Be5 Bxe5 32. Rxe5 Rxe5) 31. Qe4 Rxh2+ 32. Kg1 {Threatens to win with Qe8+.} Qb6+ ({Black should play} 32... Rxg2+ $19 33. Kf1 (33. Kxg2 $2 Qd7 $19) 33... Rg1+ $1 {[%mdl 576] Decoy} 34. Kxg1 Bc5+ {[%mdl 64] Discovered Attack} 35. Kh2 Qxf6 36. Qxb7 Qh4+ 37. Kg2 Qf2+ 38. Kh3 Qxe1) 33. Qd4 $17 Qxd4+ $1 ({Inferior is} 33... Rxg2+ 34. Kf1 $11) 34. Bxd4 {Re8+ is the strong threat.} Kf8 (34... Rxg2+ $17 35. Kf1 Bc6) 35. Be4 $15 Bxe4 36. Rxe4 $17 {[%mdl 4096] Endgame Threatening Bc5! KRB-KRB} Rh5 37. Kf2 Rd5 {Hoping for ...f5.} 38. Be3 {White wants to mate with Bh6+.} f5 39. Rc4 Ke7 40. Rc8 (40. Ke2 $17 {was necessary.}) 40... f4 $19 41. Bb6 Rd2+ 42. Kf3 {[#]} b3 $1 {[%mdl 512]} 43. cxb3 $17 Rxb2 44. Rc3 $2 (44. a5 $17) 44... g5 $19 45. Bd4 Rd2 46. Bc5 (46. Ke4 $142 g4 47. Rc1) 46... h5 47. Bxd6+ Kxd6 {KR-KR} 48. b4 Rd4 49. Rb3 g4+ 50. Ke2 (50. Kf2 $142 h4 51. Rb2) 50... h4 51. b5 a5 52. Ra3 Rb4 53. Ra2 Ke5 54. Kf2 Ke4 (54... g3+ $142 55. Ke2 Rb1 56. Ra3 {[#]} h3 $1 {[%mdl 512]} 57. Rc3 hxg2 58. Kf3 g1=Q 59. Kg4 Qd1+ 60. Kh4 Qd8+ 61. Kg4 Qd7+ 62. Kh5 Rh1+ 63. Kg6 Qh7+ 64. Kg5 Qh5#) 55. Re2+ Kd3 56. Re5 Rb2+ {Black mates.} 57. Kf1 h3 58. gxh3 g3 59. b6 f3 60. Rb5 g2+ 61. Kg1 Rxb5 62. axb5 Ke2 {Accuracy: White = 33%, Black = 67%.} 0-1

[Event "POL-chT DMP Ekstraliga 2019"]
[Site "Katowice"]
[Date "2019.09.04"]
[Round "8.3"]
[White "Dziuba, Marcin"]
[Black "Socko, Bartosz"]
[Result "1-0"]
[WhiteElo "2568"]
[BlackElo "2625"]
[Annotator "RC"]
[PlyCount "131"]
[EventDate "2019.08.28"]
[EventType "team-tourn"]
[EventCountry "POL"]
[SourceTitle "playchess.com"]
[Source "ChessBase"]
[SourceQuality "1"]
[TimeControl "40/5400+30:1800+30"]

1. d4 {[%emt 0:00:00]} Nf6 {[%emt 0:00:00]} 2. c4 {[%emt 0:00:00]} e6 {[%emt 0:00:00]} 3. Nf3 {[%emt 0:00:00]} b6 {[%emt 0:00:00]} 4. Bf4 {[%emt 0:00:15]} Bb7 {[%emt 0:00:17]} 5. e3 {[%emt 0:01:49]} Be7 {[%emt 0:00:26]} 6. Nc3 {[%emt 0:00:51]} Ne4 {[%emt 0:03:13]} 7. Nxe4 {[%emt 0:14:13]} Bxe4 {[%emt 0:01:33]} 8. Bd3 {[%emt 0:00:44]} Bxd3 {[%emt 0:10:51]} 9. Qxd3 {[%emt 0:00:32]} O-O {[%emt 0:08:52]} 10. h4 {[%emt 0:21:15]} f5 {[%emt 0:19:23]} 11. O-O-O {[%emt 0:04:17]} d5 {[%emt 0:01:14]} 12. Kb1 {[%emt 0:06:32]} Nc6 {[%emt 0:02:15]} 13. Rc1 {[%emt 0:04:56]} Rc8 {[%emt 0:03:08]} 14. Bg5 {[%emt 0:05:53]} Nb4 {[%emt 0:10:27]} 15. Qa3 {[%emt 0:09:53]} a5 {[%emt 0:00:55]} 16. c5 {[%emt 0:00:28]} Rb8 {[%emt 0:06:37]} 17. c6 {[%emt 0:09:55]} Bf6 {[%emt 0:04:07]} 18. Qc3 {[%emt 0:03:04]} Qe7 {[%emt 0:02:15]} 19. a3 {[%emt 0:00:10]} Na6 {[%emt 0:00:04]} 20. Ne5 {[%emt 0:02:06]} Ra8 {[%emt 0:05:09]} 21. Nd7 {[%emt 0:04:06]} Rf7 {[%emt 0:01:00]} 22. Ne5 {[%emt 0:00:09]} Rff8 {[%emt 0:00:21]} 23. Nd7 {[%emt 0:00:04]} Rf7 {[%emt 0:00:07]} 24. f4 {[%emt 0:02:42]} Qd6 {[%emt 0:04:29]} 25. h5 {[%emt 0:03:35]} Nb8 {[%emt 0:02:18]} 26. Ne5 {[%emt 0:01:06]} Bxe5 {[%emt 0:00:24]} 27. fxe5 {[%emt 0:01:26]} Qf8 {[%emt 0:00:11]} 28. Rhg1 {[%emt 0:00:37]} b5 {[%emt 0:03:37]} 29. Qc5 {[%emt 0:01:17]} Ra6 {[%emt 0:00:08]} 30. Qxb5 {[%emt 0:00:17]} Rb6 {[%emt 0:00:32]} 31. Qa4 {[%emt 0:01:51]} h6 {[%emt 0:00:06]} 32. Bf4 {[%emt 0:00:32]} Qe8 {[%emt 0:00:05]} 33. g4 {[%emt 0:00:48]} fxg4 {[%emt 0:07:07]} 34. Rxg4 {[%emt 0:00:04]} Re7 {[%emt 0:00:15]} 35. Rg6 {[%emt 0:01:06]} Qf8 {[%emt 0:01:29]} 36. Bxh6 {[%emt 0:00:31]} Qf5+ {[%emt 0:00:28]} 37. Ka2 {[%emt 0:00:38]} Qxh5 {[%emt 0:00:43]} 38. Qc2 {[%emt 0:00:40]} Rxc6 {[%emt 0:03:55]} 39. Qg2 {[%emt 0:00:01]} Qxg6 {[%emt 0:00:28]} 40. Qxg6 {[%emt 0:00:00]} Rxc1 {[%emt 0:00:00]} 41. e4 {[%emt 0:13:41]} Rh1 {[%emt 0:04:27]} 42. Bg5 {[%emt 0:01:08]} Rg1 {[%emt 0:00:08]} 43. exd5 {[%emt 0:00:22]} exd5 {[%emt 0:00:13]} 44. Qf5 {[%emt 0:00:31]} Rf7 {[%emt 0:01:41]} 45. Qc8+ {[%emt 0:01:09]} Rf8 {[%emt 0:00:06]} 46. Qe6+ {[%emt 0:00:11]} Kh7 {[%emt 0:01:49]} 47. Be7 {[%emt 0:02:44]} Rf2 {[%emt 0:07:12]} 48. a4 {[%emt 0:04:30]} Rgg2 {[%emt 0:00:15]} 49. Ba3 {[%emt 0:01:03]} Rc2 {[%emt 0:00:21]} 50. Qh3+ {[%emt 0:03:40]} Kg6 {[%emt 0:00:07]} 51. e6 {[%emt 0:00:21]} Nc6 {[%emt 0:03:01]} 52. e7 {[%emt 0:00:27]} Nxe7 {[%emt 0:01:51]} 53. Qe6+ {[%emt 0:00:05]} Kh5 {[%emt 0:00:34]} 54. Qxe7 {[%emt 0:00:12]} c6 {[%emt 0:01:18]} 55. Qd8 {[%emt 0:01:43]} g5 {[%emt 0:03:42]} 56. Qxa5 {[%emt 0:00:14]} g4 {[%emt 0:00:48]} 57. Qc7 {[%emt 0:02:46]} Rc1 {[%emt 0:03:36]} 58. Qe5+ {[%emt 0:01:11]} Kg6 {[%emt 0:00:06]} 59. Qe6+ {[%emt 0:00:31]} Kg7 {[%emt 0:00:05]} 60. Bf8+ {[%emt 0:00:47]} Kxf8 {[%emt 0:00:27]} 61. Qh6+ {[%emt 0:00:05]} Ke7 {[%emt 0:00:39]} 62. Qxc1 {[%emt 0:00:04]} Kd7 {[%emt 0:00:04]} 63. Qf1 {[%emt 0:00:42]} Rg3 {[%emt 0:00:27]} 64. Qf5+ {[%emt 0:00:19]} Kd8 {[%emt 0:00:08]} 65. Qf4 {[%emt 0:00:30]} Rg1 {[%emt 0:00:11]} 66. Qd6+ {[%emt 0:00:04]} 1-0

[Event "POL-chT DMP Ekstraliga 2019"]
[Site "Katowice"]
[Date "2019.09.04"]
[Round "8.4"]
[White "Gajewski, Grzegorz"]
[Black "Michalik, Peter"]
[Result "1-0"]
[WhiteElo "2613"]
[BlackElo "2573"]
[Annotator "TA"]
[PlyCount "95"]
[EventDate "2019.08.28"]
[EventType "team-tourn"]
[EventCountry "POL"]
[SourceTitle "playchess.com"]
[Source "ChessBase"]
[SourceQuality "1"]

{[%evp 10,95,16,18,17,26,17,23,28,24,23,0,33,-29,-37,-45,-29,-42,-23,-26,16,12,25,23,17,12,62,81,84,54,49,56,118,126,129,116,112,120,112,104,254,254,254,152,257,255,224,200,255,252,240,246,199,224,221,221,192,199,267,267,440,424,410,399,2193,1997,1804,1114,1221,631,839,671,596,520,29976,29977,29973,29978,29976,29979,29978,29980,29980,29981,29981,29982,29975,29953]} 1. d4 d5 2. c4 c6 3. Nf3 Nf6 4. e3 Bg4 5. Qb3 Qb6 6. Ne5 Bh5 {D11: Slav Defence: 3 Nf3 sidelines and 3...Nf6 4 e3 Bg4} (6... Be6 7. Nc3 Nbd7 8. Nxd7 Bxd7 9. cxd5 Nxd5 10. Bc4 Qxb3 11. Bxb3 e6 12. Ne4 Be7 13. Bd2 b6 14. Rc1 {½-½ (44) Wojtaszek,R (2727)-Yu,Y (2765) Batumi 2018}) 7. cxd5 Qxb3 $146 ({Predecessor:} 7... Nxd5 8. Bd2 Qxb3 9. axb3 Nd7 10. e4 Nxe5 11. dxe5 Nc7 12. f4 f6 13. Bc3 O-O-O 14. Nd2 fxe5 15. Bxe5 {1-0 (49) Gretarsson,H (2572)-Antal,T (2406) Reykjavik 2016}) 8. axb3 {Hoping for dxc6.} Nxd5 {White has an edge.} 9. g4 Bg6 10. Nc3 e6 (10... Nb4 $5 {[%cal Rb4c2]} 11. Ra4 (11. Nxg6 hxg6 12. Ra5 Nd7 $11) 11... a5 $11) 11. e4 (11. Nxd5 $14 exd5 12. Nxg6 hxg6 13. Bd2) 11... Nb4 $1 $11 {[%cal Rb4c2] And now ...Nc2+ would win.} 12. Kd1 Nd7 13. Nxd7 Kxd7 14. h4 {Threatens to win with h5.} f5 15. gxf5 exf5 16. h5 $36 {[%mdl 2048] White is more active.} Bf7 17. Bc4 Bxc4 18. bxc4 Nd3 19. Ke2 Nxc1+ 20. Raxc1 Re8 (20... fxe4 $1 $14 21. Rh4 (21. Nxe4 Re8 $14) 21... c5) 21. e5 $16 c5 22. Rcd1 cxd4 23. Rxd4+ Kc6 24. f4 g5 (24... Bc5 $16 25. Rd5 Rd8) 25. hxg6 $1 $18 Bc5 26. g7 (26. Rh6 $18 Bxd4 27. g7+ Kc5 28. gxh8=R (28. gxh8=Q Rxh8 29. Kd3 Bxc3 $16) 28... Rxh8 29. Kd3 Bxc3 30. Kxc3) 26... Bxd4 $16 27. gxh8=Q Rxh8 {[%mdl 4096] Endgame KRB-KRN} 28. Rh6+ Kc5 29. Kd3 {aiming for b4+!} Bxc3 30. Kxc3 $18 {[%csl Gc3][%cal Rb2b4] KR-KR} ({Stronger than} 30. bxc3 a5 $11) 30... a5 {[#]} 31. b3 $1 Rg8 32. Rxh7 Rg3+ 33. Kb2 b6 (33... b5 $142) 34. Rf7 Kb4 $2 (34... a4) 35. Rxf5 Rg2+ 36. Kc1 {Strongly threatening e6.} Kxb3 $2 (36... Kc3 37. Rg5 Rf2 38. Rg3+ Kb4) 37. e6 Kc3 38. Kd1 Rd2+ 39. Ke1 {Black must now prevent e7.} Rd8 40. Re5 a4 41. Re3+ Kb2 (41... Kb4 $18 42. f5 a3 43. Rxa3 Kxa3) 42. e7 {White mates.} Re8 43. f5 a3 44. f6 a2 45. Re2+ Kb3 {[#]} 46. Rxa2 $1 {[%mdl 576] Promotion} Kxa2 47. Kd2 Kb3 48. Kd3 {Accuracy: White = 85%, Black = 59%.} 1-0

[Event "POL-chT DMP Ekstraliga 2019"]
[Site "Katowice"]
[Date "2019.09.04"]
[Round "8.5"]
[White "Plat, Vojtech"]
[Black "Gazik, Viktor"]
[Result "1/2-1/2"]
[WhiteElo "2561"]
[BlackElo "2537"]
[Annotator "TA"]
[PlyCount "149"]
[EventDate "2019.08.28"]
[EventType "team-tourn"]
[EventCountry "POL"]
[SourceTitle "playchess.com"]
[Source "ChessBase"]
[SourceQuality "1"]

{[%evp 12,149,-9,-61,-33,-103,-53,-43,-42,-46,-40,-41,-47,-27,-16,-83,-67,-55,-31,-64,-53,-104,-37,-45,-40,-39,25,-16,22,20,16,-20,0,0,-24,-25,41,44,32,40,47,39,55,0,0,-2,0,0,99,95,90,93,89,72,79,35,89,80,82,89,123,119,141,137,114,119,276,256,361,361,361,361,361,361,358,327,325,172,172,172,172,172,172,172,172,172,172,172,172,172,172,172,172,172,172,172,172,172,187,172,172,172,187,187,187,187,187,172,179,172,172,172,172,0,172,172,187,172,172,121,172,172,171,160,305,298,270,0,0,0,0,0,0,0,0,0,0,0,0,0]} 1. d4 Nf6 2. Nf3 g6 3. Nc3 d5 4. Bf4 Bg7 5. e3 O-O 6. h3 c5 7. dxc5 (7. Qd2 $11) 7... Nbd7 $146 {D00: 1 d4 d5: Unusual lines} (7... Ne4 8. Nxe4 dxe4 9. Qxd8 Rxd8 10. Nd4 e5 11. Bg5 f6 12. Nb5 Na6 13. Bc4+ Kf8 14. Bh4 Nxc5 15. Nc3 {1-0 (56) Aronian,L (2784)-Grischuk,A (2752) chess.com INT 2016}) 8. Nb5 (8. Nxd5 Nxd5 9. Qxd5 Bxb2 $17) (8. Bd3 $15) 8... Nxc5 9. Bc7 Qd7 {Black is slightly better.} 10. Be5 a6 11. Nc3 Rd8 12. Qd4 Qc6 13. O-O-O (13. Qb4 $11) 13... Bf5 14. Qh4 Qb6 15. Nd4 Be6 $1 16. g4 ({White should play} 16. Bd3 $15) 16... Ncd7 (16... Nce4 $17 17. Nxe4 dxe4) 17. Nxe6 Qxe6 18. Bd4 $1 Rac8 (18... Ne4 $15 19. Nxe4 dxe4) 19. Bg2 (19. g5 $5 {[%cal Rg5f6]} Ne4 20. Bxg7 Kxg7 21. Nxd5 $11) 19... Nb6 20. g5 $36 {[%mdl 2048] White fights for an advantage.} Ne8 21. Bf3 Qc6 22. Bxg7 Nxg7 23. Qb4 Qc5 (23... Qc7 $11) 24. Qxc5 $14 Rxc5 25. h4 Rd7 26. Rd4 a5 27. Na4 (27. Nxd5 $14 Nxd5 28. Rhd1) 27... Nxa4 $11 28. Rxa4 Rdc7 29. c3 b6 (29... Nf5 $11 {keeps the balance.}) 30. Rd1 $16 e6 31. e4 Rd7 32. Rad4 Kf8 33. Kc2 Ke7 (33... Re7 $14) 34. a3 {[%cal Ba2a3,Ba3b4][%mdl 32]} Rd6 35. b4 axb4 36. axb4 Rc4 37. Rxc4 $1 ({Resist} 37. exd5 $6 Rxd4 38. Rxd4 Nf5 $14) 37... dxc4 {[%mdl 4096] Endgame KRB-KRN} 38. Ra1 b5 $2 (38... e5 $16 {keeps fighting.}) 39. e5 $18 Rb6 (39... Rd8 $142 40. Ra7+ Kf8) 40. Ra7+ Ke8 41. Ra8+ Ke7 42. Rh8 Nf5 43. h5 (43. Rxh7 Rb8 $18) 43... Nh4 44. Rxh7 (44. Be4 $142) 44... Nxf3 45. hxg6 {Hoping for g7.} Nxg5 {[#]} ({Not} 45... Nxe5 $2 46. g7 $18) 46. g7 $1 {[%mdl 512] Rh8 would kill now.} Nxh7 ({Don't go for} 46... Rb8 $2 47. Rh8 $18) 47. g8=Q {Qc8 is the strong threat. KQ-KRN} Nf8 48. f4 Rb8 49. Qg1 Nd7 50. Qa7 Kd8 51. Kd2 Rb6 52. Ke3 Rb8 53. Kf3 Rb6 54. Kg3 Rb8 55. Kh4 Ke7 56. Qc7 Rh8+ 57. Kg3 {Black must now prevent Qd6+.} Rg8+ 58. Kf3 {aiming for Qd6+.} Rb8 59. Qd6+ Kd8 60. Qa6 Rb6 61. Qa5 Ke7 62. Qa7 Kd8 $1 63. Kg4 Rb8 64. Qa6 Rb6 {( -> ...f5+)} 65. Qa1 ({Better is} 65. Qa8+ $18 Rb8 66. Qa5+ Rb6 67. Kf3) 65... Ke7 (65... f6 $16) 66. Qd1 Ra6 67. Kg5 f6+ (67... Ra2 $16 68. Qd6+ Kd8) 68. exf6+ Nxf6 {[#]} 69. Qh1 $2 (69. Qe1 $1 $18) 69... Rd6 $1 $11 {The position is equal.} 70. Kg6 {And now Qh4 would win.} Rd5 71. Qh8 Nd7 72. Qh4+ Kd6 73. Qd8 Rf5 $1 74. Qa8 Ke7 75. Qb7 {Accuracy: White = 62%, Black = 56%.} 1/2-1/2

[Event "POL-chT DMP Ekstraliga 2019"]
[Site "Katowice"]
[Date "2019.09.04"]
[Round "8.6"]
[White "Socko, Monika"]
[Black "Majdan, Joanna"]
[Result "1/2-1/2"]
[WhiteElo "2436"]
[BlackElo "2368"]
[Annotator "TA"]
[PlyCount "67"]
[EventDate "2019.08.28"]
[EventType "team-tourn"]
[EventCountry "POL"]
[SourceTitle "playchess.com"]
[Source "ChessBase"]
[SourceQuality "1"]

{[%evp 9,67,65,71,63,81,28,50,29,43,29,27,-27,-8,-13,-18,-17,1,4,20,-27,-22,-18,-6,-35,12,-25,-5,-50,-45,-56,-58,-70,-85,-84,-66,-72,-52,-68,-86,-79,-56,-62,-44,-54,-67,-69,-62,-98,-32,-41,0,0,0,0,0,0,0,0,0,0]} 1. d4 g6 2. c4 Bg7 3. e4 c5 4. d5 d6 5. Nc3 a6 6. Bd3 {A43: Schmid Benoni} (6. f4 e6 7. dxe6 fxe6 8. Nf3 Nc6 9. Be3 Nh6 10. Qd2 Nf7 11. O-O-O Qa5 12. Kb1 Bxc3 13. bxc3 Bd7 {1-0 (38) Ivanchuk,V (2726)-Malakhov,V (2686) Riadh 2017}) 6... e6 7. Nge2 (7. Bf4 $16) 7... Ne7 8. a4 {White is slightly better.} O-O 9. O-O Nd7 10. f4 (10. Rb1 $142) 10... exd5 $11 11. cxd5 f5 12. Ng3 fxe4 $146 ({Predecessor:} 12... Nf6 13. exf5 Nxf5 14. Nxf5 Bxf5 15. Bxf5 gxf5 {½-½ (42) Nagel,B (2235)-Benninger,R (2186) Moerlenbach 2004}) 13. Ncxe4 Nf6 14. Nxf6+ Bxf6 15. Kh1 Bg7 16. Ra3 Kh8 17. Be4 Bd7 $36 {[%mdl 2048] Black fights for an advantage.} 18. Qc2 b5 19. axb5 axb5 20. b3 Rxa3 21. Bxa3 Nf5 {Threatens to win with ...Ne3.} 22. Bb2 Qe7 {White must now prevent ...Ne3.} 23. Bxf5 Bxf5 24. Bxg7+ Qxg7 25. Qd2 b4 26. Nxf5 Rxf5 $15 {[%mdl 4096] Endgame KQR-KQR} 27. g4 Rf8 28. Qe3 Qc3 ({Black should play} 28... Qd7 $17 29. Qf3 Qe7) 29. Qe7 {[%cal Re7f8]} Rxf4 30. Qe8+ {[#]The position is equal.} Kg7 $1 31. Qe7+ {[%mdl 64] [#] Double Attack} Kh8 $1 32. Qe8+ {[#]} Kg7 $1 33. Qe7+ {[%mdl 64] [#] Double Attack} Kh8 $1 34. Qe8+ {Accuracy: White = 44%, Black = 53%.} 1/2-1/2